The Cambridge ancient history
Αποθηκεύτηκε σε:
| Άλλοι συγγραφείς: | |
|---|---|
| Μορφή: | Βιβλίο |
| Γλώσσα: | English |
| Δημοσίευση: |
Cambridge :
Cambridge University Press,
c1988
|
| Έκδοση: | 2nd ed. |
| Θέματα: | |
| Ετικέτες: |
Προσθήκη ετικέτας
Δεν υπάρχουν, Καταχωρήστε ετικέτα πρώτοι!
|
MARC
| LEADER | 00000nam a2200000 i 4500 | ||
|---|---|---|---|
| 001 | 1/68858 | ||
| 008 | 981030s1988 eng d | ||
| 020 | |a 0-521-22804-2 | ||
| 035 | |l 10030277 | ||
| 040 | |a GR-MY-UA |b gre |e aacr | ||
| 041 | 0 | |a eng | |
| 082 | 0 | |a 930 | |
| 245 | 1 | 4 | |a The Cambridge ancient history / |c Edited by John Boardman ... et. al. |
| 250 | |a 2nd ed. | ||
| 260 | |a Cambridge : |b Cambridge University Press, |c c1988 | ||
| 300 | |a xxi, 928 p. |b fig. | ||
| 504 | |a Includes bibliographical references and index | ||
| 505 | 0 | |a Volume IV: Persia, Greece and the Western Mediterranean, c.525 to 479 B.C. | |
| 650 | 0 | 0 | |a History, Ancient |x Pictorial works. |
| 700 | 1 | |a Boardman, John, |d 1927- |4 edt | |
| 852 | |a INST |b LESVOS |e 19981030 |h 930 CAM |p 005100012869 |q 005100012869 |t BK |y 0 | ||
| 901 | |a BIBL-1998-3 | ||
| 909 | |a Λ |b 059939 | ||
| 922 | |a 1ΕΛΗ |b 199810 |c ΚΠΣ/ΤΓ |d ΠΑΠΑΣΩΤΗΡΙΟΥ | ||
| 950 | |a 118-1998-07-18 | ||